00526nam a2200157 a 45000010005000000030005000050050017000100080041000270400020000682450043000882460027001312600047001583000010002055000140002156500013003553826CDMR20131018154214.0130130s1968||||||||||||||||||||||||||||d aCDMRbcatcCDMR 1a"Offset" vs. impresión topográfica aOffset vs. Letterpress aNew Yorkc1968bCentro Técnico de la SIP a95 p. aMemoria de la sesión de 18 de octubre de 1967 en la XXIII Asamblea de la Sociedad Interamericana de Prensa, celebrada en Puerto Rico04aImpremta